| 000 | 00735nam a2200217 a 4500 | ||
|---|---|---|---|
| 001 | 000041216 | ||
| 003 | DO-SdBNP | ||
| 005 | 20180409112836.0 | ||
| 007 | 000041216 | ||
| 008 | 130926s1982 dr 000 0 spa d | ||
| 040 |
_aBPMET _bspa _cBPMET |
||
| 245 | 0 | 0 | _aCuadernos de posgrado no. 1/. |
| 260 |
_aSanto Domingo : _bUASD, _c1982. |
||
| 300 |
_a175 p. ; _c21 cm. |
||
| 490 | 1 |
_aPublicaciones d la Universidad Autónoma de Santo Domingo _aCuadernos de posgrado _v1 |
|
| 710 | 2 | _aUniversidad Autónoma de Santo Domingo | |
| 830 | 0 |
_aPublicaciones de la Universidad Autónoma de Santo Domingo _aCuadernos de posgrado _n1 |
|
| 942 |
_2ddc _cBK |
||
| 945 | _aRemanejado para la BNPHU / BT | ||
| 956 |
_aVMATEO _b10 _c20140224 _lBPMSU _h0069 |
||
| 999 |
_c7315 _d7315 |
||